The 12 Olympians Quiz - Statistics

General Stats
  • This quiz has been taken 50 times
  • The average score is 11 of 12
Answer Stats
Hint Answer % Correct
King of the gods Zeus
100%
God of the Sun, medicine, and archery Apollo
97%
Goddess of wisdom Athena
97%
God of the sea and earthquakes Poseidon
97%
God of war Ares
94%
Greek goddess of marriage and childbirth Hera
94%
God of thieves and traveling Hermes
91%
Goddess of love and beauty Aphrodite
88%
Goddess of the moon and archery Artemis
82%
Goddess of agriculture Demeter
79%
God of blacksmithing and volcanos Hephaestus
79%
God of wine Dionysus
73%
No matching quizzes found
Score Distribution
Percent of People with Each Score
Percentile by Number Answered
Your Score History
You have not taken this quiz